书目信息 |
| 题名: |
汉魏六朝辞赋与骈文精品
|
|
| 作者: | 曹道衡 主编 ;王继涛 编注 | |
| 分册: | ||
| 出版信息: | 长春 时代文艺出版社 1995 |
|
| 页数: | 750页 | |
| 开本: | 21cm | |
| 丛书名: | 中国古典文学名著精品大系 | |
| 单 册: | ||
| 中图分类: | I222.5 , I211 | |
| 科图分类: | ||
| 主题词: | 汉赋--中国--选集 , 汉赋 , 赋--中国--魏晋南北朝时代--选集 , 赋 , 骈文--中国--两汉时代--选集 , 骈文 , 文学--作品集--中国 | |
| 电子资源: | ||
| ISBN: | 7-5387-0974-6 | |
| 000 | 01073oam2 2200337 450 | |
| 001 | 1259598456 | |
| 005 | 20121013163454.30 | |
| 010 | @a7-5387-0974-6@b精装@dCNY37.80 | |
| 100 | @a19960731d1995 em y0chiy0110 ea | |
| 101 | 0 | @achi |
| 102 | @aCN@b220000 | |
| 105 | @af z 000zd | |
| 200 | 1 | @a汉魏六朝辞赋与骈文精品@Ahan wei liu chao ci fu yu pian wen jing pin@f曹道衡主编@g王继涛等编注 |
| 210 | @a长春@c时代文艺出版社@d1995 | |
| 215 | @a750页@c彩照@d21cm | |
| 225 | 2 | @a中国古典文学名著精品大系 |
| 304 | @a曹道衡(1928~ ),江苏苏州人,中国社会科学院文学研究所研究员,中国社会科学院研究生院教授、博士生导师 | |
| 461 | 0 | @12001 @a中国古典文学名著精品大系 |
| 606 | 0 | @a汉赋@y中国@x选集 |
| 606 | 0 | @a汉赋 |
| 606 | 0 | @a赋@y中国@z魏晋南北朝时代@x选集 |
| 606 | 0 | @a赋 |
| 606 | 0 | @a骈文@y中国@z两汉时代@x选集 |
| 606 | 0 | @a骈文 |
| 606 | 0 | @a文学@x作品集@x中国 |
| 690 | @aI222.5 | |
| 690 | @aI211@v4 | |
| 701 | 0 | @a曹道衡@Acao dao heng@f(1928~)@4主编 |
| 702 | 0 | @a王继涛@Awang ji tao@4编注 |
| 801 | 0 | @aCN@bNLC@c20101222 |
| 905 | @a10447@dI211@eJY172 | |
| 汉魏六朝辞赋与骈文精品/曹道衡主编/王继涛等编注.-长春:时代文艺出版社,1995 |
| 750页:彩照;21cm.-(中国古典文学名著精品大系) |
| ISBN 7-5387-0974-6(精装):CNY37.80 |
| ● |
| 相关链接 |
|
|
|
|
正题名:汉魏六朝辞赋与骈文精品
索取号:I211/JY172
 
预约/预借
| 序号 | 登录号 | 条形码 | 馆藏地/架位号 | 状态 | 备注 |
| 1 | 7822897 | 278228972 | 学院路分馆/ [索取号:I211/JY172] | 在馆 | |
| 2 | 7822898 | 278228981 | 学院路分馆/ [索取号:I211/JY172] | 在馆 | |
| 3 | 7822899 | 278228990 | 学院路分馆/ [索取号:I211/JY172] | 在馆 | |
| 4 | 7822900 | 278229007 | 学院路分馆/ [索取号:I211/JY172] | 在馆 |